• 首页
  • 本馆介绍
  • 公告通知
  • 最新文献
  • 馆藏检索
  • 电子资源
  • 读者导购
  • 参考咨询
  • 我的图书馆
  • 登录
  • 详细信息显示
  • 放入我的书架
  • 预约/预借图书
  • 作者相关作品
  • 分类相关作品
  • 丛书相关作品
  • 出版社相关作品

书目信息

  • 表格格式
  • 工作单格式
  • 卡片格式
题名:
艺术科学丛谈
    
 
作者: 金克木 著
分册:  
出版信息: 北京   三联书店  1986
页数: 164页
开本: 19cm
丛书名:
单 册:
中图分类: J01
科图分类:
主题词: 艺术美学 , 科学美学
电子资源:
ISBN:
000 00586nam0 2200241 45
001 0186019316
005 20060820153630.54
010    @dCNY0.87
091    @a8002.9
100    @a19900802d1986 emky0chiy0121 ea
101 0  @achi
102    @aCN@b110000
105    @ay z 000yy
200 10 @a艺术科学丛谈@Ayi shu ke xue cong tan@f金克木著
210    @a北京@c三联书店@d1986
215    @a164页@d19cm
606    @a艺术美学
606    @a科学美学
690    @aJ01@v3
701  0 @a金克木@Ajin ke mu@4著
801  2 @aCN@bNLC@c20060820
801  0 @aCN@bTSSF
905    @a10447@dJ01@e148
    
    艺术科学丛谈/金克木著.-北京:三联书店,1986
    164页;19cm
    
    
    ISBN :CNY0.87
    
●
相关链接 在E读中查询图书 在五车中查询图书 在当当中查询图书 在豆瓣中查询图书


正题名:艺术科学丛谈     索取号:J01/148         预约/预借

序号 登录号 条形码 馆藏地/架位号 状态 备注
1 0470454   204704542   密集书库/ [索取号:J01/148] 在馆    
唐山师范学院图书馆 欢迎您!
大连网信软件有限公司© 版权所有